Pokemon by Eyes(Easy) - Statistics

General Stats
  • This quiz has been taken 41 times
  • The average score is 8 of 10
Answer Stats
Picture Answer % Correct
Pikachu
100%
Charizard
97%
Greninja
80%
Treecko
77%
Unown (!)
74%
Ditto
69%
Solgaleo
69%
Lunala
66%
Zekrom
63%
Sprigatito
60%
No matching quizzes found
Score Distribution
Percent of People with Each Score
Percentile by Number Answered
Your Score History
You have not taken this quiz